Mario Characters - Statistics

General Stats
  • This quiz has been taken 37 times
  • The average score is 15 of 19
Answer Stats
Hint Answer % Correct
Green Plumber Luigi
100%
Red Plumber Mario
100%
Green cameleon/dinosaur Yoshi
100%
Gets saved by Mario every time Peach
96%
Usually red, wears a mask Shy Guy
96%
Yellow alter-ego Wario
96%
Pink egg shooter Birdo
93%
Princess of Sarassaland Daisy
93%
King of the Koopas Bowser
89%
(Hard) Rugby player Chargin' Chuck
89%
Rabbit princess Rabbid Peach
86%
Bomb Bob-Omb
79%
Chained dog Chain Chomp
75%
It's shy when you look at it Boo
71%
Throws eggs from above Lakitu
61%
Uses punches to attack, but gets dizzy Boom Boom
50%
Dancers\enemies\racers in Mario Maker Ninji
46%
It's a character I promise, kills you Poison Mushroom
36%
"Traitor of the Mushroom Kingdom" Goomba
32%
No matching quizzes found
Score Distribution
Percent of People with Each Score
Percentile by Number Answered
Your Score History
You have not taken this quiz